| 000 | 00937nam a22003017a 4500 | ||
|---|---|---|---|
| 003 | CHAP | ||
| 005 | 20220329134700.0 | ||
| 008 | 971013s1922 r 00010 d | ||
| 010 | _a24141 | ||
| 011 | _a25113 | ||
| 035 | _a29213 | ||
| 040 | _cCHAP | ||
| 090 | _aFolleto 1310 | ||
| 100 | 0 | 0 |
_aBriggs, Glen. _915340 |
| 245 | _aVegetables growing in Guam | ||
| 260 |
_aWashington : _bGovernment Printing Office, _c1922 |
||
| 300 |
_a60 p. _b: ilus. |
||
| 490 |
_aGuam Agricultural Experiment Station. Bulletin _v; 2 |
||
| 590 |
_aBATCH-UPD _b10 _c20130109 _lUCH01 _h2317 |
||
| 590 |
_aBATCH-UPD _b10 _c20130110 _lUCH01 _h0332 |
||
| 590 |
_aBATCH-UPD _b10 _c20130110 _lUCH01 _h1839 |
||
| 590 |
_aCONVERSION _b10 _c20130109 _lUCH01 _h1314 |
||
| 650 | 1 | 4 |
_aLegumbres. _965680 |
| 830 | 0 |
_aGuam Agricultural Experiment Station. Bulletin _v; 2 _950972 |
|
| 901 | _aBK | ||
| 942 | _cFOLL | ||
| 949 |
_aFolleto 1310 _bBC _cFOLL _d-67402 _eTS1 _i29213 _si |
||
| 999 |
_c24141 _d24141 |
||